A World Bank Policy Paper (Record no. 2066)

MARC details
000 -LEADER
fixed length control field 00312nam a22001337a 4500
008 - FIXED-LENGTH DATA ELEMENTS--GENERAL INFORMATION
fixed length control field 250304b |||||||| |||| 00| 0 eng d
020 ## - INTERNATIONAL STANDARD BOOK NUMBER
ISBN 10148124
100 ## - MAIN ENTRY--AUTHOR
Author Washington D. S.
245 ## - TITLE STATEMENT
Title A World Bank Policy Paper
260 ## - PUBLICATION, DISTRIBUTION, ETC. (IMPRINT)
Place of publication U.S.A
Name of publisher Miguel
Date of publication 1993
300 ## - COLLATION
Pagination 159p.
942 ## - ADDED ENTRY ELEMENTS (KOHA)
Item type Books
050 ## - LIBRARY OF CONGRESS CALL NUMBER
Classification number HD7391
Item number .H68
Holdings
Source of classification or shelving scheme Not for loan Permanent location Current location Date acquired Accession No. Full call number Barcode. Koha item type
Library of Congress Classification   Samuel Ogbemudia Main Library, University of Abuja Samuel Ogbemudia Main Library, University of Abuja 03/04/2025 99/019102 HD7391.H68 2025-0212 Books